| 000 | 00673cam a22002172a 4500 | ||
|---|---|---|---|
| 001 | 002770 | ||
| 003 | AR-FADEU | ||
| 008 | 311216n1982####xxu####################dd | ||
| 020 | _a968-16-1051-2 | ||
| 092 |
_a321.02 _bH217f |
||
| 100 | _aHamilton, Madison, comp. | ||
| 245 | _aEl federalista : los ochenta y cinco ensayos que Hamilton, Madison y Jay escribieron en apoyo de la constitución norteamericana | ||
| 260 | _aMéxico | ||
| 260 | _bFondo de Cultura Económica | ||
| 260 | _c1982 | ||
| 300 | _a429 p | ||
| 440 | _aSección de obras de política y derecho | ||
| 700 | _aJuan, Jay | ||
| 650 | _aCONSTITUCION DE ESTADOS UNIDOS; FEDERALISMO | ||
| 942 | _cBDGR | ||
| 999 |
_c8602 _d8602 |
||